00717nam a2200181 a 450000500170000000800410001702000180005804000480007604100080012410000290013224501150016126000490027630000380032550400530036365000350041665100420045165100420049320210323152144.0120830s2015 mdua|||gr|||| 00| 0 eng d a9781538104972 aCO-BoUCMbspacDeissy GarciadDeissy Garcia0 aeng1 aHenderson, Errol Anthony10aAfrican realism?binternational relations theory and Africa's wars in the postcolonial eracErrol A. Henderson aLanham, MarylandbRowman & Littlefieldc2015 axiv, 301 páginasbilustraciones aIncluye referencias bibliográficas e índices aPolítica y guerra zÁfrica aÁfricaxRelaciones exterioresy1960 aÁfricaxPolítica y gobiernoy1960